000 01239nam0a2200337 4500
001 RU\NLR\bibl\33109
005 20250615023228.0
010 _a5-232-00765-3
_910000
021 _aRU
_b98-39242
_91880
035 _a(NLR Aleph) 000032274
090 _a162583
_c162583
100 _a19990615d1998 |||y0rusy50 ca
101 1 _arus
_ceng
102 _aRU
105 _a|||||||||||||
200 1 _aПища, которая лечит
_dFoods that heal
_fБ. Йенсен
_g[Пер. с англ. Я.Никитина]
210 _aМ.
_cКРОН-ПРЕСС
_d1998
215 _a407 с.
_cил.
_d20
225 1 _aБудьте здоровы
300 _aАвт. также на англ. яз.: Bernard Jensen
510 0 _aFoods that heal
_zrus
606 0 _aЛечебное питание
_jПопулярная литература
_9940664
_3RU\NLR\auth\6629323
606 0 _aЛечебное питание
_jПопулярные издания
_9940664
_3RU\NLR\auth\6629323
686 _aР351я9
700 1 _aЙенсен
_bБ.
_gБернар
_4070
801 0 _aRU
_bNLR
_c19990615
_gPSBO
801 1 _aRU
_bNLR
_c19990615
852 _aNLR
_j99-3/5466
942 _cBOOK
980 _aNB